000
00478nam a2200145Ia 4500
008
151213s9999 xx 000 0 und d
100
_a
আসরার মাসুদ।
245
_a
জন্মের অপেক্ষা।
_c
আসরার মাসুদ।
260
_a
ঢাকা
_b
বংলা একাডেমী।
_c
1996
300
_a
8643 p.
650
_a
Bangla
650
_a
গল্প।
700
_a
আসরার মাসুদ।
999
_c
4430
_d
4430